|
|
|
|
| LEADER |
00787nam a2200169Ia 4500 |
| 008 |
150624b xxu||||| |||| 00| 0 eng d |
| 020 |
|
|
|a 81901181X
|
| 020 |
|
|
|a 81901181X
|
| 082 |
|
|
|a 591.680954
|
| 100 |
|
|
|a Agrawal, K. C.
|
| 245 |
|
|
|a Threatened animals of India /
|c K. C. Agrawal
|
| 260 |
|
|
|a Bikaner :
|b Nidhi Publishers,
|c 2002.
|
| 300 |
|
|
|a 130 p.
|
| 505 |
|
|
|a 1. Whale shark 2. Lizards 3. Indian python 4. Olive ridley turtles 5. Crocodiles 6. White-winged wood duck 7. Hornbills 8. The great Indian bustard 9. Bengal florican 10. Lesser florican 11. Siberian white cranes 12. Vultures 13. Bharal or dward blue shee
|
| 942 |
|
|
|c BK
|
| 999 |
|
|
|c 56000
|d 56000
|
| 952 |
|
|
|0 0
|1 0
|4 0
|6 591_680954000000000_AGR_T
|7 0
|9 55978
|a UL
|b UL
|c ST1
|d 2012-10-27
|l 0
|o 591.680954 AGR/T
|p 80551
|r 2012-10-27
|w 2012-10-27
|y BK
|